Riconosci il Pokémon - Quiz n°199 - Statistics

Statistiche generali
  • Questo quiz è stato fatto 10 volte
  • Il punteggio medio è 10 su 10
Statistiche sulle risposte
Indizio Risposta % Corretto
Altezza 1,7 m
100%
Tasso di cattura 3 (1.6%)
100%
Peso 60,8 kg
100%
Stadio evoluzione Non si evolve
100%
Abilità Pressione
100%
Tipo Psico
100%
Sesso Sconosciuto
100%
Generazione Terza
100%
Tasso di allevamento Lento
88%
Pokémon Deoxys
75%
Nessun quiz corrispondente trovato
Distribuzione punteggi
Percentuale di utenti per punteggio
Percentile per numero di risposta
I tuoi punteggi nel tempo
Non hai fatto questo quiz